Actors in Multiple Franchises - Statistics

General Stats
  • This quiz has been taken 16 times
  • The average score is 5 of 20
Answer Stats
Franchises Hint Actor % Correct
Star Wars, Indiana Jones, Marvel Always shoots first, even if the other guy only has a sword Harrison Ford
86%
Star Trek, DC Last of "the four Chrises" to star in a comic-book movie. One of the others also played his dad in Trek Chris Pine
71%
Star Trek, Marvel An engaging man who knows exactly what you're thinking Patrick Stewart
57%
Star Wars, Marvel Fought the First Order, became two Egyptian gods... Oscar Isaac
43%
Marvel, Lord of the Rings Apparently loved material things, especially gold Benedict Cumberbatch
36%
Marvel, Lord of the Rings, Doctor Who A very distinctive voice, and good friends with #2 despite playing frenemies against him on screen Ian McKellen
36%
Marvel, DC In brightest day, in blackest night, the fourth wall won't escape his sight Ryan Reynolds
36%
Marvel, Doctor Who, Harry Potter Likes wearing suits and saying "hello" a lot David Tennant
29%
Marvel, DC Big DC role, and a Marvel cameo that just felt right Henry Cavill
21%
Marvel, Lord of the Rings A friend to Wakandans and Dwarves alike, but not corrupted Hobbits Martin Freeman
21%
Harry Potter, DC Friendly with either wolf or bat Gary Oldman
14%
Marvel, DC, Star Trek Has also voiced a tiger and a sealion for Disney Idris Elba
7%
Harry Potter, Marvel Dr Watson, bit of magic, bit of blue blood... Jude Law
7%
Indiana Jones, Marvel Had a few heartwarming reunions when he won his first Oscar Ke Huy Quan
7%
Star Trek, Marvel He precedes the previous answer as Captain of the Enterprise - but just a whisper from him can severely ruin things Anson Mount
0%
Marvel, Doctor Who As the Doctor, he was fantastic. But his one movie for Marvel wasn't Christopher Ecclestone
0%
Harry Potter, DC From marrying his bestie's young cousin to almost killing his own David Thewlis
0%
Star Trek, Star Wars, Doctor Who Has also played an Oompa-Loompa, among many other acting credits Deep Roy
0%
Marvel, DC He laughs on the inside, but be careful saying his name Djimon Hounsou
0%
Star Trek, Star Wars, Doctor Who Ironically once said "every odd-numbered Star Trek film is s***" before being in two odd-numbered Star Trek films Simon Pegg
0%
No matching quizzes found
Score Distribution
Percent of People with Each Score
Percentile by Number Answered
Your Score History
You have not taken this quiz